Регионална библиотека "Любен Каравелов" - Русе

Делнична библия (Запис номер 64014)

MARC детайли
000 -Лидер
Контролно поле с фиксирана дължина 01598nam a2200349 c 4500
003 - Код на организацията, давaща контролен номер
Контролно поле BLK
005 - Дата и час на последна редакция
Контролно поле 20250423140758.0
008 - Елементи от данни с фиксирана дължина
fixed length control field 180408b bul|||||r ||||||| ||bul||
010 ## - Наследен системен номер
LC control number KNG00068279000
020 ## - Международен стандартен номер на книга ISBN
Международен стандартен номер на книга ISBN 954-739-654-4
-- издат.: Захарий Стоянов - на том(кн. 1)
040 ## - Източник на каталожния запис
Идентификатор на билиотеката - собственик на записа BLK
041 ## - Код за език
Код за езика на текст/звукозапис или на отделно заглавие Български
Код за езика КДБФ Български
080 ## - УДК
Текстов определител УДК Българска литература
УДК код - определител по УДК 821.163.2
УДК определител -94
УДК - код + определител 821.163.2-94
100 1# - Редна дума - Автор
Автор Апостолова, Божана
Авторска отговорност първи автор
Автор - информация (биография) Пейкова, Божана Георгиева
R(LIN) 251141
139 ## - Редно поле
Редна дума Апостолова, Божана
Авторски знак Ап - А 78
245 10 - Сведения за заглавието
Заглавие Делнична библия
Подзаглавни данни Преживени истории : Кн. 1 - 2
Редно поле (дума) Божана Апостолова; * Божана Георгиева Пейкова.
Том Кн. 1
257 ## - Страна на издаване
Страна на създаване/издаване България
260 ## - Област на издателските данни
-- София
Година на издаване 2005
Печатница Пловдив : Жанет 45
300 ## - Физическа характеристика
Размери/Мащаб 20 см
380 ## - Жанр
Жанр Худож. лит.
500 ## - Общи забележки
Забележка Божана Апостолова - псевд. на Божана Георгиева Пейкова.
653 ## - Ключова дума – ненормативна
Ключова дума спомени
653 ## - Ключова дума – ненормативна
Ключова дума мемоари
700 1# - Други автори (авторска отговорност)
Лично име Пейкова, Божана Георгиева
Автороска отговорност (Описва отношението между автора и произведението) *
9 (RLIN) 291754
760 1# - Описание на основната серия
-- - на том(кн. 1)
Редна дума на основното описание Апостолова, Божана
Място на издаване, издател и година Захарий Стоянов, 2005
Страници - том 244 с.
Забележка - том 1. изд. 1998 на изд. Стигмати.
Заглавие Кн. 1
852 ## - Местоположение
Форматна сигнатура Цб 229278
856 4# - Електронен адрес и достъп
Електронен формат pdf - файл
Път до файла /url/
856 4# - Електронен адрес и достъп
Електронен формат pdf - файл
Път до файла /url/
942 ## - АРТИКУЛИ
Вид на библиотечния материал Книги
Скрит в OPAC Не
Koha issues (borrowed), all copies 5
944 ## - СЪЗДАВАНЕ И РЕДАКЦИЯ на ЗАПИСА
Създаване/Редакция Създаване
Дата на регистрацията/редакция 29.09.2006
Статус, дата на статуса Русанова Ирена
Служител, извършил регистрацията/редакцията 30542
944 ## - СЪЗДАВАНЕ И РЕДАКЦИЯ на ЗАПИСА
Създаване/Редакция Редакция
Дата на регистрацията/редакция 17.08.2015
Статус, дата на статуса ф /
Служител, извършил регистрацията/редакцията Людмила_Стоянова
999 ## - СИСТЕМНИ КОНТРОЛНИ НОМЕРА
Koha biblionumber 64014
Koha biblioitemnumber 64014
Наличности
Код за отписване Код за изгубен артикул Код за повреда Коз за рестрикции Код за отдаване Артикулен № Име на библиотеката - собственик Име на библиотеката, в която се намира в момента Статус (Текущо местоположение) Дата на вписване в системата Местоположение - отдел Цена в лева Инвентарен номер Систематично азбучна сигнатура Баркод Номер на екземпляра Цена в евро Служебна бележка Служебен тип на артикула
  Не е изгубен Не е повреден без рестрикции ползва се в читалня 106079 Регионална библиотека "Любен Каравелов" Русе Регионална библиотека "Любен Каравелов" Русе Хранилище 2006-10-02 Хранилище 0.00 120000705475 Цб 229278 120000705475 1 0.00 Дост: Dp Вид: Д N: 41 Дата: 28.09.2005 Книги
  Не е изгубен Не е повреден без рестрикции заемане за дома 106080 Регионална библиотека "Любен Каравелов" Русе Регионална библиотека "Любен Каравелов" Русе Заемна - подръчен фонд 2015-07-23 Заемна - подръчен фонд 14.00 120000790455 П 886.7-9/А 78 120000790455 2 7.16 Дост: DA Вид: А N: 13 Дата: 23.07.2015 Дата инв: 14.02.2018 Бележки инв: П2018 Книги
Vip Innovations Ltd, Rousse, Bulgaria 2025